| 000 | 01915naa a2200457 i 4500 | ||
|---|---|---|---|
| 003 | EG-GICUC | ||
| 005 | 20260121101439.0 | ||
| 008 | 251207s1925 fr o|||fr|||| 001 0 fre d | ||
| 040 |
_aEG-GiCUC _bfre _cEG-GiCUC _dEG-GiCUC _eRda |
||
| 041 | _afre | ||
| 082 | 0 | 4 |
_221 _a341.1 _bRE |
| 092 | 0 | 4 | _221 |
| 099 | _aLaw1 11 341.1 RE 1925 | ||
| 245 | 0 | 0 |
_aRecueil des cours. _n1924, Tome 4. |
| 264 | 1 |
_aParis : _bHachette, _c1925. |
|
| 300 |
_a485 page : _bPhotographs ; _c24 cm. |
||
| 336 |
_2rda contenu _a texte |
||
| 337 |
_2rda medias _aOrdinateur |
||
| 338 |
_2 transporteur rda _a Ressource en ligne |
||
| 490 | 1 |
_aAcadémie de droit international ; _v1924, t.4. |
|
| 500 | _a"1924 III." | ||
| 500 | _aAt head of title: Académie de droit international. | ||
| 504 | _aIncludes bibliographical references and index. | ||
| 505 |
_aContient les cours de l'Académie y compris : _tLes sociétés de commerce / _rpar Theodor Niemeyer -- _tL'organisation permanente du travail / _rpar Ernest Mahaim -- _tLes méthodes de travail de la diplomatie / _rpar R.E.L. Vaughan Williams -- _tLes gouvernements de fait / _rpar Scipione Gemma -- _tLes effets internationaux des jugements répressifs / _rpar Maurice Travers. |
||
| 546 | _aTexte en français | ||
| 650 | 1 | 4 |
_aDroit international _2qrmak |
| 650 | 1 | 4 |
_aDiplomatie _2qrmak |
| 650 | 1 | 4 |
_aAssociations commerciales _2qrmak |
| 650 | 1 | 4 |
_aLégislation _2qrmak |
| 651 | 1 | _2qrmak | |
| 700 | 1 |
_aNiemeyer, Theodor, _d1857-1939, _eAuteur |
|
| 700 | 1 |
_aMahaim, Ernest, _d1865-1938, _eAuteur |
|
| 700 | 1 |
_aVaughan Williams, Roland E. L., _d1866-1949, _eAuteur |
|
| 700 | 1 |
_aGemma, Scipione, _d1867-1951, _eAuteur |
|
| 700 | 1 |
_aTravers, Maurice, _eAuteur |
|
| 710 | _aACADÉMIE DE DROIT INTERNATIONAL. | ||
| 830 | 0 |
_arecueil des cours ; _v1924, t.4. |
|
| 856 | 4 | 0 | _uhttps://fll.law.cu.edu.eg/fulltext/bks/B11-05097.pdf |
| 905 |
_a75 _eHassnaa |
||
| 942 |
_2ddc _n0 _cBK _e21 |
||
| 999 |
_c48939 _d48939 |
||